[Event "GER-ch (Women) op"]
[Site "Augsburg"]
[Date "2024.03.07"]
[Round "2"]
[White "Videnova, Iva"]
[Black "Imnadze, Nato"]
[Result "1/2-1/2"]
[WhiteElo "2325"]
[BlackElo "2179"]
[PlyCount "135"]
[EventDate "2024.03.06"]
[EventType "swiss"]
[EventRounds "9"]
[EventCountry "GER"]
[SourceTitle "CB12_2024"]
[SourceDate "2023.10.01"]
[SourceVersion "1"]
[SourceVersionDate "2023.10.01"]
[SourceQuality "1"]

1. e4 e5 2. Nf3 Nc6 3. Bb5 a6 4. Ba4 Nf6 5. Nc3 b5 6. Bb3 Bc5 7. Nd5 Na5 8. Nxe5 Nxb3 9. axb3 Nxd5 10. exd5 Qh4 11. 0-0 0-0 12. Nf3 Qh5 13. d4 Bd6 14. c4 Re8 15. Be3 f6 16. h3 Rb8 17. Rb1 a5 18. Nd2 Qg6 19. Qf3 Bb4 20. Rfc1 d6 21. Nf1 Qd3 22. Qd1 Qg6 23. Kh2 h5 24. Bd2 bxc4 25. bxc4 h4 26. Bxb4 Rxb4 27. b3 Bf5 28. Ra1 Bd3 29. Rc3 Bxf1 30. Qxf1 Qe4 31. Qd3 Qf4+ 32. Kg1 a4 33. bxa4 Rxa4 34. Rf1 Ra2 35. Qg6 Rae2 36. Rd3 Re1 37. Rd1 R1e4 38. c5 R8e7 39. Rb1 Re8 40. Rb3 Re2 41. cxd6 Qxd6 42. Rc3 Qf4 43. g3 hxg3 44. Rxg3 R8e7 45. Rg4 Qf3 46. Rg3 Qf4 47. Qg4 Qxg4 48. Rxg4 Rc2 49. Rb1 Ree2 50. Rf4 Kf7 51. h4 Rb2 52. Rc1 Rec2 53. Rxc2 Rxc2 54. Kg2 g6 55. Kf3 f5 56. Ke3 Rc3+ 57. Kd2 Rh3 58. Ke2 Ke7 59. Kf1 Kf6 60. Ke2 Ra3 61. Rf3 Ra2+ 62. Ke3 Ra5 63. Kd3 Ra3+ 64. Ke2 Ra2+ 65. Ke3 Ra5 66. Kd3 Ra3+ 67. Ke2 Ra2+ 68. Kd3 1/2-1/2

[Event "Plzen A2 12th"]
[Site "Plzen"]
[Date "2024.02.24"]
[Round "9"]
[White "Pribyl, Josef"]
[Black "Imnadze, Nato"]
[Result "1/2-1/2"]
[WhiteElo "2221"]
[BlackElo "2228"]
[PlyCount "25"]
[EventDate "2024.02.17"]
[EventType "tourn"]
[EventRounds "9"]
[EventCountry "CZE"]
[EventCategory "1"]
[SourceTitle "CB09_2024"]
[SourceDate "2024.02.28"]
[SourceVersion "1"]
[SourceVersionDate "2024.02.28"]
[SourceQuality "1"]

1. c4 e6 2. Nf3 Nf6 3. g3 d5 4. b3 b6 5. Bg2 Bb7 6. Bb2 Be7 7. 0-0 c5 8. e3 0-0 9. Nc3 Nbd7 10. Qe2 Rc8 11. Rfd1 Qc7 12. Rac1 Rfd8 13. d3 1/2-1/2

[Event "Plzen A2 12th"]
[Site "Plzen"]
[Date "2024.02.23"]
[Round "8"]
[White "Imnadze, Nato"]
[Black "Plischki, Sebastian"]
[Result "0-1"]
[WhiteElo "2228"]
[BlackElo "2329"]
[PlyCount "114"]
[EventDate "2024.02.17"]
[EventType "tourn"]
[EventRounds "9"]
[EventCountry "CZE"]
[EventCategory "1"]
[SourceTitle "CB09_2024"]
[SourceDate "2024.02.28"]
[SourceVersion "1"]
[SourceVersionDate "2024.02.28"]
[SourceQuality "1"]

1. d4 Nf6 2. Bf4 e6 3. Nf3 c5 4. e3 cxd4 5. exd4 Be7 6. Bd3 b6 7. Nbd2 Ba6 8. Nc4 0-0 9. 0-0 d6 10. Qe2 Qc7 11. c3 Nbd7 12. Rfe1 Rfc8 13. b3 Nf8 14. Rac1 Ng6 15. Bd2 Bb7 16. Ng5 b5 17. Na3 a6 18. c4 Qd8 19. g3 Nf8 20. h4 h6 21. Nf3 bxc4 22. bxc4 N8d7 23. Rb1 Rab8 24. d5 e5 25. Bf5 Bf8 26. h5 Nxh5 27. Kg2 g6 28. Rh1 Nhf6 29. Bxd7 Qxd7 30. Bxh6 Bxh6 31. Rxh6 Kg7 32. Rbh1 Rh8 33. Qd2 Ng4 34. R6h4 Rxh4 35. Nxh4 Rh8 36. f3 Nf6 37. Nc2 Bc8 38. Ne3 Rh7 39. Nef5+ Kh8 40. Qg5 Ng8 41. Nxg6+ fxg6 42. Rxh7+ Qxh7 43. Nxd6 Qh3+ 44. Kg1 Bf5 45. c5 Bd3 46. Qxe5+ Kh7 47. Qe1 Qh5 48. Qd2 Qxf3 49. Qg5 Qf1+ 50. Kh2 Qf2+ 51. Kh1 Qxc5 52. Qh4+ Kg7 53. Ne8+ Kf8 54. Nf6 Qc1+ 55. Kh2 Qb2+ 56. Kg1 Nxf6 57. d6 Qb1+ 0-1

[Event "Plzen A2 12th"]
[Site "Plzen"]
[Date "2024.02.17"]
[Round "1"]
[White "Imnadze, Nato"]
[Black "Van der Hagen, Loek"]
[Result "1/2-1/2"]
[WhiteElo "2228"]
[BlackElo "2382"]
[PlyCount "79"]
[EventDate "2024.02.17"]
[EventType "tourn"]
[EventRounds "9"]
[EventCountry "CZE"]
[EventCategory "1"]
[SourceTitle "CB09_2024"]
[SourceDate "2024.02.28"]
[SourceVersion "1"]
[SourceVersionDate "2024.02.28"]
[SourceQuality "1"]

1. d4 Nf6 2. Bf4 d6 3. Nc3 Nbd7 4. Nf3 c5 5. d5 Qa5 6. a4 Ne4 7. Qd3 f5 8. Bd2 Nxd2 9. Qxd2 h6 10. Nh4 Ne5 11. e4 fxe4 12. Be2 Kd8 13. 0-0 g5 14. f4 exf3 15. Nxf3 Bg7 16. Nxe5 Bxe5 17. Qd3 a6 18. Nd1 b5 19. c3 Rb8 20. Ne3 Qb6 21. Kh1 c4 22. Qe4 h5 23. axb5 axb5 24. Nc2 Bb7 25. Nb4 Qc5 26. Rf5 g4 27. Rf7 Ra8 28. Raf1 Ra7 29. Bd1 Ra1 30. Bc2 Rxf1+ 31. Rxf1 Kc7 32. Qf5 Kb6 33. Be4 Ra8 34. Nc6 Bxc6 35. dxc6 e6 36. Qg5 Qf2 37. Qc1 Qe2 38. Re1 Qf2 39. Rf1 Qe2 40. Re1 1/2-1/2

[Event "Bayern-chI Bank Hofmann 26th"]
[Site "Tegernsee"]
[Date "2023.10.29"]
[Round "2"]
[White "Stocek, Jiri"]
[Black "Imnadze, Nato"]
[Result "1-0"]
[WhiteElo "2535"]
[BlackElo "2207"]
[PlyCount "69"]
[EventDate "2023.10.28"]
[EventType "swiss"]
[EventRounds "9"]
[EventCountry "GER"]
[SourceTitle "Mega2024 Update 01"]
[Source "Chessbase"]
[SourceDate "2023.11.12"]
[SourceVersion "1"]
[SourceVersionDate "2023.11.12"]
[SourceQuality "1"]

1. d4 Nf6 2. c4 e6 3. Nc3 Bb4 4. Qc2 d5 5. cxd5 exd5 6. Bg5 h6 7. Bh4 0-0 8. e3 c6 9. Bd3 Re8 10. Nge2 Be7 11. h3 Ne4 12. Bxe7 Qxe7 13. Bxe4 dxe4 14. Ng3 f5 15. 0-0 Na6 16. a3 Be6 17. f3 Qg5 18. Kh2 Qxe3 19. fxe4 Rf8 20. exf5 Bc4 21. Qf2 Qxf2 22. Rxf2 Rad8 23. Rd1 Nc7 24. Nge4 Nd5 25. g4 b6 26. Kg3 Kf7 27. Nd2 Ba6 28. Nf3 Ne7 29. Ne5+ Kg8 30. Ne4 Bb7 31. f6 gxf6 32. Nxf6+ Kh8 33. Rdf1 Rxd4 34. Nh5 Rxf2 35. Rxf2 1-0

[Event "AUT-chT (Women) 2223"]
[Site "Austria"]
[Date "2022.10.23"]
[Round "4.4"]
[White "Majkovski, Sarah"]
[Black "Imnadze, Nato"]
[Result "0-1"]
[WhiteElo "1650"]
[BlackElo "2264"]
[PlyCount "38"]
[EventDate "2022.10.21"]
[EventType "team-tourn"]
[EventRounds "9"]
[EventCountry "AUT"]
[SourceTitle "EXT 2024"]
[Source "ChessBase"]
[SourceDate "2023.10.10"]
[SourceVersion "1"]
[SourceVersionDate "2023.10.10"]
[SourceQuality "1"]
[WhiteTeam "Lienz (W)"]
[BlackTeam "Baden (W)"]
[WhiteTeamCountry "AUT"]
[BlackTeamCountry "AUT"]

1. e4 e5 2. Nf3 Nc6 3. Nc3 g6 4. d4 exd4 5. Nxd4 Bg7 6. Be3 Nf6 7. Nxc6 bxc6 8. e5 Ng8 9. f4 Ne7 10. g4 d6 11. exd6 cxd6 12. h3 0-0 13. Qd2 Re8 14. 0-0-0 Bxc3 15. Qxc3 Nd5 16. Qxc6 Nxe3 17. Rxd6 Qe7 18. Qxa8 Qxd6 19. Qf3 Bb7 0-1

[Event "AUT-chT (Women) 2122"]
[Site "Austria"]
[Date "2022.04.23"]
[Round "9.3"]
[White "Imnadze, Nato"]
[Black "Mattersberger, Melanie"]
[Result "1-0"]
[WhiteElo "2238"]
[BlackElo "1756"]
[PlyCount "53"]
[EventDate "2021.11.06"]
[EventType "team-tourn"]
[EventRounds "9"]
[EventCountry "AUT"]
[SourceTitle "EXT 2024"]
[Source "ChessBase"]
[SourceDate "2023.10.10"]
[SourceVersion "1"]
[SourceVersionDate "2023.10.10"]
[SourceQuality "1"]
[WhiteTeam "Baden (W)"]
[BlackTeam "Lienz (W)"]
[WhiteTeamCountry "AUT"]
[BlackTeamCountry "AUT"]

1. e4 e5 2. Nf3 Nc6 3. Bb5 a6 4. Ba4 Nf6 5. 0-0 Be7 6. Re1 d6 7. c3 Bg4 8. d3 b5 9. Bc2 0-0 10. h3 Bh5 11. Nbd2 Re8 12. Nf1 h6 13. Ng3 Bg6 14. Nh4 Bh7 15. Nhf5 Bf8 16. Qf3 d5 17. exd5 Qxd5 18. Nxh6+ gxh6 19. Qxf6 Re6 20. Qh4 Bxd3 21. Bb3 Bc4 22. Rd1 Bxb3 23. Rxd5 Bxd5 24. Nf5 Kh7 25. Ne3 Rd8 26. Nxd5 Rxd5 27. Qe4+ 1-0

[Event "FIDE World Uni Blitz-D 1st"]
[Site "Tornelo INT"]
[Date "2021.03.13"]
[Round "10.26"]
[White "Imnadze, Nato"]
[Black "Ortez, Andrea"]
[Result "0-1"]
[WhiteElo "2251"]
[BlackElo "1969"]
[PlyCount "86"]
[EventDate "2021.03.13"]
[EventType "swiss (blitz)"]
[EventRounds "10"]
[EventCountry "NET"]
[SourceTitle "EXT 2022"]
[Source "ChessBase"]
[SourceDate "2021.10.06"]
[SourceVersion "1"]
[SourceVersionDate "2021.10.06"]
[SourceQuality "1"]

1. e4 c5 2. Nc3 Nc6 3. g3 g6 4. Bg2 Bg7 5. d3 e6 6. Be3 d6 7. Qd2 Nd4 8. Nge2 Rb8 9. a4 a6 10. 0-0 b5 11. axb5 axb5 12. b4 Bd7 13. Rfb1 Ne7 14. bxc5 dxc5 15. Bf4 e5 16. Bg5 f6 17. Be3 0-0 18. f4 b4 19. Na4 Bxa4 20. Ra3 bxa3 21. Ra1 Nxc2 22. Ra2 Nxe3 23. Qxe3 Qb6 24. Rxa3 Bc6 25. Ra1 Rfd8 26. Rc1 Bb5 27. Rc3 Qa5 28. Bh3 Qa1+ 29. Kf2 Qb2 30. Be6+ Kh8 31. h4 Nc6 32. Rb3 Qc2 33. Rc3 Qb2 34. Rb3 Qa1 35. Qxc5 Ba4 36. Ra3 Qd1 37. Bd5 Nd4 38. Nxd4 exd4 39. Qxd4 Qc2+ 40. Ke3 Qc1+ 41. Kf3 Qxa3 42. Kg2 Bb3 43. Qc5 Qxc5 0-1

[Event "AUT-chT (Women) 1819"]
[Site "Austria"]
[Date "2019.03.30"]
[Round "6.3"]
[White "Imnadze, Nato"]
[Black "Cvitan, Ena"]
[Result "1/2-1/2"]
[WhiteElo "2291"]
[BlackElo "2175"]
[PlyCount "71"]
[EventDate "2018.11.17"]
[EventType "team-swiss"]
[EventRounds "7"]
[EventCountry "AUT"]
[SourceTitle "CBM 189 Extra"]
[Source "ChessBase"]
[SourceDate "2019.06.03"]
[SourceVersion "1"]
[SourceVersionDate "2019.06.03"]
[SourceQuality "1"]
[WhiteTeam "Baden (W)"]
[BlackTeam "Wulkaprodersdorf (W)"]
[WhiteTeamCountry "AUT"]
[BlackTeamCountry "AUT"]

1. e4 c6 2. d4 d5 3. Nc3 dxe4 4. Nxe4 Nf6 5. Nxf6+ exf6 6. c3 Bd6 7. Bd3 0-0 8. Qc2 Re8+ 9. Ne2 h5 10. Be3 Nd7 11. Ng3 Nb6 12. 0-0 Nd5 13. Ne4 Bc7 14. Bd2 f5 15. Ng5 g6 16. Rfe1 Bd7 17. Rxe8+ Bxe8 18. Re1 Qd6 19. g3 Rd8 20. a3 b5 21. c4 bxc4 22. Bxc4 Bb6 23. Qd3 Kg7 24. Nf3 f6 25. Bxd5 Qxd5 26. Qe3 f4 27. Qxf4 g5 28. Qe4 Bf7 29. Qd3 Bxd4 30. Nxd4 Qxd4 31. Qxd4 Rxd4 32. Be3 Rd7 33. Bc5 a5 34. Kg2 a4 35. Be3 Bd5+ 36. Kg1 1/2-1/2

[Event "Bayern-chI Bank Hofmann 22nd"]
[Site "Tegernsee"]
[Date "2018.11.02"]
[Round "7"]
[White "Imnadze, Nato"]
[Black "Mueller, Frank3333"]
[Result "1-0"]
[WhiteElo "2291"]
[BlackElo "2078"]
[PlyCount "71"]
[EventDate "2018.10.27"]
[EventType "swiss"]
[EventRounds "9"]
[EventCountry "GER"]
[SourceTitle "CBM 187 Extra"]
[Source "ChessBase"]
[SourceDate "2018.11.04"]
[SourceVersion "1"]
[SourceVersionDate "2018.11.04"]
[SourceQuality "1"]

1. e4 c5 2. Nf3 e6 3. d4 cxd4 4. Nxd4 Nc6 5. Nc3 Qc7 6. g3 d6 7. Bg2 Bd7 8. 0-0 Nf6 9. Re1 Be7 10. Ncb5 Qb8 11. Nxc6 Bxc6 12. Nd4 Bd7 13. c4 0-0 14. b3 a6 15. Ba3 Re8 16. Rc1 Qa7 17. c5 dxc5 18. e5 Nd5 19. Nf5 exf5 20. Bxd5 Be6 21. Qf3 Rab8 22. Red1 Red8 23. Bxe6 fxe6 24. g4 g6 25. gxf5 gxf5 26. Rd6 Bxd6 27. exd6 b6 28. Bb2 Rb7 29. Kh1 Rg7 30. Bxg7 Kxg7 31. Rg1+ Kf6 32. Qf4 Qa8+ 33. f3 Rg8 34. Rxg8 Qxg8 35. Qh4+ Ke5 36. d7 1-0

[Event "BL2 Sued 1718 (Women)"]
[Site "Germany"]
[Date "2018.01.28"]
[Round "5.1"]
[White "Worek, Joanna"]
[Black "Imnadze, Nato"]
[Result "1-0"]
[WhiteElo "2299"]
[BlackElo "2293"]
[PlyCount "81"]
[EventDate "2017.10.14"]
[EventType "team-tourn"]
[EventRounds "7"]
[EventCountry "GER"]
[SourceTitle "EXT 2019"]
[Source "ChessBase"]
[SourceDate "2018.10.10"]
[SourceVersion "1"]
[SourceVersionDate "2018.10.10"]
[SourceQuality "1"]
[WhiteTeam "Mainz Schott (W)"]
[BlackTeam "Forstenried (W)"]
[WhiteTeamCountry "GER"]
[BlackTeamCountry "GER"]

1. e4 Nc6 2. Nf3 d6 3. d4 Nf6 4. Bd3 Bg4 5. c3 e5 6. d5 Nb8 7. h3 Bh5 8. c4 a5 9. Nc3 Na6 10. Be3 Be7 11. a3 Nd7 12. Bc2 0-0 13. g4 Bg6 14. h4 h5 15. Ng5 Nf6 16. f3 Nh7 17. Qd2 Bxg5 18. hxg5 hxg4 19. fxg4 Nc5 20. 0-0-0 Qd7 21. Rh4 f6 22. Rdh1 fxg5 23. Bxg5 Rae8 24. Be3 Rf3 25. Bd1 Ref8 26. Bxc5 dxc5 27. Bxf3 Rxf3 28. Qh2 Nf6 29. Qxe5 Kf7 30. g5 Ne8 31. Rf4+ Rxf4 32. Qxf4+ Kg8 33. e5 Qe7 34. Rf1 Bd3 35. Rf3 Bg6 36. Rf2 b6 37. Nb5 a4 38. Na7 Nd6 39. Nc6 Qe8 40. e6 Bf5 41. Qh4 1-0

[Event "GER-chT Federal Cup (Women)"]
[Site "Braunfels"]
[Date "2017.06.15"]
[Round "1.2"]
[White "Imnadze, Nato"]
[Black "Schulz, Petra"]
[Result "1-0"]
[WhiteElo "2283"]
[BlackElo "2110"]
[PlyCount "159"]
[EventDate "2017.06.15"]
[EventType "team-swiss"]
[EventRounds "5"]
[EventCountry "GER"]
[SourceTitle "CBM 179 Extra"]
[Source "ChessBase"]
[SourceDate "2017.08.23"]
[SourceVersion "1"]
[SourceVersionDate "2017.08.23"]
[SourceQuality "1"]
[WhiteTeam "Bayern (W) II"]
[BlackTeam "Sachsen (W)"]
[WhiteTeamCountry "GER"]
[BlackTeamCountry "GER"]

1. e4 e6 2. d4 d5 3. Nd2 c5 4. Ngf3 Nc6 5. c3 cxd4 6. cxd4 dxe4 7. Nxe4 Nf6 8. Bd3 Bb4+ 9. Bd2 0-0 10. 0-0 Bxd2 11. Qxd2 Nxe4 12. Bxe4 Ne7 13. Rac1 Nd5 14. Ne5 Qd6 15. Rc5 Nf6 16. Bf3 Rd8 17. Rfc1 Rb8 18. Rc7 Nd7 19. Qc3 Nxe5 20. dxe5 Qf8 21. Qa5 a6 22. Qb6 g6 23. Qa7 Bd7 24. Bxb7 Bb5 25. b3 h5 26. h3 Bd3 27. Rd1 Bb5 28. Rdc1 Bd3 29. Qc5 Qxc5 30. R1xc5 Bb1 31. a4 Rd1+ 32. Kh2 Rd2 33. Rc8+ Rxc8 34. Rxc8+ Kg7 35. Bxa6 Rxf2 36. Bb7 Rb2 37. Rc3 Bc2 38. Rxc2 Rxc2 39. a5 Rb2 40. a6 Rxb3 41. a7 Rxb7 42. a8Q Rb5 43. Qa1 Rd5 44. h4 Rc5 45. Qd4 Rd5 46. Qf4 Rd3 47. Qf6+ Kg8 48. Kg1 Rd4 49. Kf2 Rg4 50. g3 Rd4 51. Ke3 Rg4 52. Kd3 Ra4 53. Qe7 Rg4 54. Qd8+ Kg7 55. Qf6+ Kg8 56. Qe7 Kg7 57. Qd8 Ra4 58. Kc3 Rg4 59. Qa8 Rxg3+ 60. Kd4 Rg4+ 61. Kc5 Rxh4 62. Qf3 Ra4 63. Kd6 Ra7 64. Qf2 Rb7 65. Qf3 Ra7 66. Kc6 Kg8 67. Qf2 Re7 68. Qc5 Re8 69. Kd7 Rb8 70. Ke7 Rb7+ 71. Kf6 Rb3 72. Qc8+ Kh7 73. Kxf7 Rf3+ 74. Kxe6 Kh6 75. Qh8+ Kg5 76. Qf6+ Rxf6+ 77. exf6 h4 78. f7 h3 79. f8Q Kg4 80. Qf2 1-0

[Event "Bodensee op"]
[Site "Bregenz"]
[Date "2016.05.08"]
[Round "9"]
[White "Henrichs, Thomas"]
[Black "Imnadze, Nato"]
[Result "1-0"]
[WhiteElo "2479"]
[BlackElo "2233"]
[PlyCount "121"]
[EventDate "2016.04.30"]
[EventType "swiss"]
[EventRounds "9"]
[EventCountry "AUT"]
[SourceTitle "CBM 172 Extra"]
[Source "ChessBase"]
[SourceDate "2016.06.21"]
[SourceVersion "1"]
[SourceVersionDate "2016.06.21"]
[SourceQuality "1"]

1. e4 e5 2. Nf3 Nc6 3. Bb5 a6 4. Ba4 Nf6 5. 0-0 Be7 6. Re1 b5 7. Bb3 d6 8. c3 0-0 9. h3 Na5 10. Bc2 c5 11. d4 exd4 12. cxd4 Bb7 13. d5 Nd7 14. Nbd2 Bf6 15. Rb1 Re8 16. b3 Bc8 17. Nf1 Ne5 18. N3h2 Ng6 19. Ng3 Be5 20. Ne2 Qf6 21. Nf3 h6 22. Nxe5 dxe5 23. Rf1 Nb7 24. f4 exf4 25. Nxf4 Ne5 26. Nd3 Qg6 27. Nxe5 Rxe5 28. Qf3 Bd7 29. Bf4 f6 30. Bxe5 fxe5 31. Kh2 Rc8 32. Qe3 Qg5 33. Qxg5 hxg5 34. Rf3 Nd6 35. Rg3 g4 36. hxg4 c4 37. b4 Rf8 38. Rf3 Rxf3 39. gxf3 g5 40. Kg3 Kg7 41. Kf2 Be8 42. Ke3 Bd7 43. Ra1 Kf8 44. a4 Kf7 45. axb5 axb5 46. Ra6 Ke7 47. Bd1 Bc8 48. Ra8 Bd7 49. Rg8 Kf6 50. Rd8 Ke7 51. Rh8 Be8 52. Rh6 Bf7 53. Be2 Kd7 54. Kd2 Ke7 55. Kc2 Kd7 56. f4 gxf4 57. Bf3 Ke7 58. g5 Bg8 59. g6 Ne8 60. Rh5 Ng7 61. Rh8 1-0

[Event "Bodensee op"]
[Site "Bregenz"]
[Date "2016.05.05"]
[Round "6"]
[White "Milov, Leonid"]
[Black "Imnadze, Nato"]
[Result "0-1"]
[WhiteElo "2447"]
[BlackElo "2233"]
[PlyCount "100"]
[EventDate "2016.04.30"]
[EventType "swiss"]
[EventRounds "9"]
[EventCountry "AUT"]
[SourceTitle "CBM 172 Extra"]
[Source "ChessBase"]
[SourceDate "2016.06.21"]
[SourceVersion "1"]
[SourceVersionDate "2016.06.21"]
[SourceQuality "1"]

1. e4 e5 2. Nf3 Nc6 3. Bb5 a6 4. Ba4 Nf6 5. 0-0 Be7 6. Re1 b5 7. Bb3 d6 8. c3 0-0 9. a4 Bb7 10. d3 Na5 11. Ba2 c5 12. Nbd2 h6 13. Nf1 c4 14. Ng3 Re8 15. d4 Qc7 16. Bd2 Bf8 17. Qc2 Bc6 18. axb5 axb5 19. Rad1 Qb7 20. d5 Bd7 21. h3 Qc7 22. Be3 Nb7 23. Bb1 Nc5 24. Qe2 Reb8 25. Nh2 b4 26. Qf3 Na4 27. cxb4 Rxb4 28. Bxh6 gxh6 29. Qxf6 Bg7 30. Qf3 Rb3 31. Qh5 Nxb2 32. Rc1 Qd8 33. Nf5 Bxf5 34. Qxf5 Qc8 35. Qh5 Qd8 36. Ng4 Qg5 37. Qxg5 hxg5 38. Bc2 Rba3 39. Rb1 c3 40. Ne3 Bf6 41. Nf5 R8a6 42. Re3 Nc4 43. Rb8+ Kh7 44. Rd3 Nd2 45. g3 Ra1+ 46. Kg2 Rc1 47. Ne3 Raa1 48. f3 Nc4 49. Bb3 Nxe3+ 50. Rxe3 c2 0-1